Districts of Nauru Map Quiz - Statistics

General Stats
  • This quiz has been taken 261 times
  • The average score is 5 of 14
Answers on the Map
Answers color-coded by a green-red scale on the quiz's map according to % correct below.
 
Answer Stats
Answer % Correct
Yaren
64%
Buada
44%
Anabar
37%
Boe
37%
Ijuw
33%
Aiwo
30%
Anibare
30%
Anetan
29%
Denigomodu
29%
Meneng
29%
Ewa
28%
Nibok
26%
Baitsi
24%
Uaboe
24%
No matching quizzes found
Score Distribution
Percent of People with Each Score
Percentile by Number Answered
Your Score History
You have not taken this quiz